Générique Charlotte aux Fraises - Paroles - Statistiques

Statistiques générales
  • Ce quiz a été pris 117 fois
  • Le résultat moyen est 17 sur 26
Statistiques - réponses
Paroles % Correct
Cha-cha-cha Cha-{Charlotte}
99%
Cha-cha-cha Cha-{Charlotte}
98%
Cha-cha-cha Cha-{Charlotte}
98%
Aux {Fraises}
97%
Ma meilleure {amie}
90%
Je connais une {fille}
88%
Une personne des plus {gentille}
76%
Aux {Fraises}
72%
Cha-cha-cha Cha-{Charlotte}
72%
Cha-cha-cha Cha-{Charlotte}
72%
Cha-Charlotte aux {Fraises}
72%
C'est Cha-cha-cha Cha-{Charlotte}
71%
Et on veut être à ses {côtés}
70%
C'est Cha-cha-cha Cha-{Charlotte}
69%
Aux {Fraises}
67%
Cha-cha-cha Cha-{Charlotte}
67%
Cha-Charlotte aux {Fraises}
67%
Tu la vois et tu {souris}
67%
Elle est tellement {géniale}
54%
Tu l'aimeras sans {égal}
51%
Dans son pays {sucré} qu'on aime
44%
Dans son pays {sucré} qu'on aime
38%
Qui nous do-do-do-{dorlote}
35%
Très cool, très {fun}
34%
On veut {chanter}
27%
Elle nous {entraîne}
22%
Aucun quiz correspondant
Distribution des résultats
% des personnes avec chaque résultat
Percentile par nombre de réponses
Votre historique - résultats
Vous n’avez pas pris ce quiz